header

HIV and the pathogenesis of AIDS (Record no. 43627)

MARC details
000 -LEADER
fixed length control field 02071nam a22003734a 4500
082 04 - DEWEY DECIMAL CLASSIFICATION NUMBER
Classification number 616.97/9207
100 1# - MAIN ENTRY--AUTHOR NAME
Personal name Levy, Jay A.
245 10 - TITLE STATEMENT
Title HIV and the pathogenesis of AIDS
250 ## - EDITION STATEMENT
Edition statement 3rd ed.
260 ## - PUBLICATION, DISTRIBUTION, ETC. (IMPRINT)
Place of publication Washington, D.C. :
Name of publisher ASM Press,
Year of publication c2007.
300 ## - PHYSICAL DESCRIPTION
Number of Pages xvii, 644 p., [16] p. of plates :
Other physical details ill. (some col.), maps.
505 0# - FORMATTED CONTENTS NOTE
Formatted contents note Discovery, structure, heterogeneity, and origins of HIV -- Features of HIV transmission -- Steps involved in HIV: cell interaction and virus entry -- Acute HIV infection and cells susceptible to HIV infection -- Intracellular control of HIV replication -- Cytopathic properties of HIV -- Viral proteins determining biologic features of HIV -- Effect of HIV on various tissues and organ systems in the host -- Innate immune responses in HIV infection -- Humoral immune responses to HIV infection -- T-lymphocyte immune responses in HIV infection -- HIV infection and development of cancer -- Overall features of HIV pathogenesis: prognosis for long-term survival -- Antiviral therapies -- Vaccine development.
650 #0 - SUBJECT ADDED ENTRY--TOPICAL TERM
Topical Term HIV (Viruses)
Topical Term HIV infections
856 40 - ELECTRONIC LOCATION AND ACCESS
Uniform Resource Identifier http://site.ebrary.com/lib/rucke/Doc?id=10346896

No items available.

© 2026 Rongo University
Contact us: librarian | system librarian | Rongo university